| 000 | 00926nam2a2200265 4500 | ||
|---|---|---|---|
| 001 | RU\NLR\bibl\1070905 | ||
| 005 | 20250615043433.0 | ||
| 010 |
_a5-9900379-9-6 _9500 |
||
| 021 |
_aRU _b2007-14515 _9777 |
||
| 035 | _a(NLR Aleph) 001058137 | ||
| 090 |
_a921333 _c921333 |
||
| 100 | _a20070410d2006 |||y0rusy50 ca | ||
| 101 | 0 | _arus | |
| 102 | _aRU | ||
| 105 | _ay ||||||||| | ||
| 200 | 0 | _aТ. 2 | |
| 210 |
_d2006 _aБ. м. |
||
| 215 | _a479 с. | ||
| 320 | _aБиблиогр.: с. 467-476 (164 назв.) | ||
| 461 | 0 |
_1001RU\NLR\bibl\1081145 _12001#$aПроисхождение и развитие жизни на Земле$vТ. 2 _9982604 _aЯрощик, Н. П. _cОмск _d2006 _fН.П. Ярощик _nАпельсин _tПроисхождение и развитие жизни на Земле _vТ. 2 |
|
| 801 | 0 |
_aRU _bNLR _c20070410 _gRCR |
|
| 801 | 1 |
_aRU _bNLR _c20070410 |
|
| 942 | _cBOOK | ||
| 980 | _aNB | ||